000
00251nam a22001097a 4500
082
_a
621.3825 BER'S
100
_a
BELLER, WILLIAM,BERGAUST, ERICK
_9
58903
245
_a
SATELLITE
260
_a
LONDON
_b
LUTTERWARTH
_c
1957
300
_a
239P
942
_c
BK
999
_c
568982
_d
568982